| 000 | 00850cam a22002294a 4500 | ||
|---|---|---|---|
| 020 | _a9250042418 | ||
| 040 | _cDLC | ||
| 082 | 0 | 0 | _a338 FOO 1997 A065 Or. |
| 245 | 1 | 0 |
_aReport of the World Food Summit, 13-17 November 1996 = _bRapport du Sommet mondial de l'alimentation, 13-17 novembre 1996. |
| 246 | 3 | 1 | _aRapport du sommet mondial de l'alimentation |
| 246 | 1 | 5 | _aTaqrīr muʾtamar al-qimmah al-ʻĀlamī lil-Aghdhiyah |
| 260 |
_aRome : _bFood and Agriculture Organization of the United Nations, _c1997-1998. |
||
| 300 |
_av. <2 > ; _c30 cm. |
||
| 500 | _aDescription based on: v. 2, published in 1998. | ||
| 650 | 0 | _aFood supply | |
| 650 | 0 | _aProduce trade | |
| 650 | 0 | _aNutrition policy | |
| 650 | 0 | _aAgriculture and state | |
| 650 | 0 | _aFood supply | |
| 710 | 2 | _aFood and Agriculture Organization of the United Nations. | |
| 942 | _cEK | ||
| 999 |
_c14265 _d14265 |
||